000 01933cam a22004458i 4500
001 22221193
005 20241031115611.0
006 m |o d |
007 cr_|||||||||||
008 210830s2022 nyu o 001 0 eng
010 _a 2021042686
020 _a9781975150167
_q(ebook)
020 _a9781975174712
_q(Int. edition)
020 _z9781975150143
_q(paperback)
040 _aDLC
_beng
_cDLC
_erda
042 _apcc
050 0 0 _aQP518.3
060 0 0 _aQU 34
082 0 0 _a572.8076
_bLIE
100 1 _aLieberman, Michael,
_d1950-
_eauthor.
_9126638
245 1 0 _aMarks' basic medical biochemistry :
_ba clinical approach /
_cMichael Lieberman, Alisa Peet ; illustrations by Matthew Chansky.
246 1 _aBasic medical biochemistry
250 _aSixth edition.
263 _a2202
264 1 _aPhiladelphia :
_bWolters Kluwer Health,
_c[2023]
300 _a1 online resource
336 _atext
_btxt
_2rdacontent
337 _acomputer
_bc
_2rdamedia
338 _aonline resource
_bcr
_2rdacarrier
500 _aIncludes index.
520 _a"It has been 5 years since the fifth edition was completed. The sixth edition has some significant organizational changes, as suggested by extensive surveys of faculty and students who used the fifth edition in their classes and studies"--
_cProvided by publisher.
588 _aDescription based on print version record and CIP data provided by publisher; resource not viewed.
650 1 2 _aBiochemical Phenomena
_913936
650 2 2 _aClinical Medicine
700 1 _aPeet, Alisa,
_eauthor
_9126639
776 0 8 _iPrint version:
_aLieberman, Michael, 1950-
_tMarks' basic medical biochemistry
_bSixth edition.
_dPhiladelphia : Wolters Kluwer Health, [2022]
_z9781975150143
_w(DLC) 2021042685
942 _2ddc
_cBK
999 _c612219
_d612219